|
|
|
|
| LEADER |
02221nam a2200349 a 4500 |
| 001 |
17394 |
| 003 |
BD-DhAAL |
| 008 |
100103r20092008nyua b 001 0 eng d |
| 010 |
|
|
|a 85011638
|
| 020 |
|
|
|a 9780070648111
|
| 020 |
|
|
|a 0070648115
|
| 040 |
|
|
|a DLC
|c DLC
|d DLC
|d BD-DhAAL
|
| 082 |
0 |
0 |
|a 621.38
|2 19
|
| 100 |
1 |
|
|a Taub, Herbert,
|d 1918-
|9 42055
|
| 245 |
1 |
0 |
|a Principles of communication systems /
|c Herbert Taub, Donald L. Schilling, revised by Goutam Saha.
|
| 250 |
|
|
|a Third edition.
|
| 260 |
|
|
|a New York ;
|a New Delhi, :
|b Tata McGraw-Hill,
|c 2008 [reprinted 2009].
|
| 300 |
|
|
|a xiii, 842 p. :
|b ill. ;
|c 25 cm
|
| 490 |
0 |
|
|a McGraw-Hill series in electrical engineering
|
| 504 |
|
|
|a Includes bibliographical references and index.
|
| 526 |
|
|
|a MNS
|x Mahabobe Shobahani
Faculty Member of BRAC University
Course Name : Introduction to Communication Engineering (ECE 310)
|
| 541 |
1 |
|
|a Essence Science Publications
|e 17394, 17395, 19680
|
| 650 |
|
0 |
|a Telecommunication systems.
|
| 700 |
1 |
|
|a Schilling, Donald L.
|9 57750
|
| 830 |
|
|
|a McGraw-Hill series in electrical engineering
|9 17652
|
| 852 |
4 |
|
|a Ayesha Abed Library
|c General Stacks
|
| 942 |
|
|
|2 ddc
|c BK
|
| 999 |
|
|
|c 6605
|d 6605
|
| 952 |
|
|
|0 0
|1 4
|2 ddc
|4 0
|6 621_380000000000000_TAU
|7 0
|9 6748
|a BRACUL
|b BRACUL
|c GEN
|d 2010-01-02
|e Trust Line International
|l 0
|o 621.38 TAU
|p 3010019680
|r 2010-01-03
|t 3
|w 2010-01-03
|y BK
|x Koha Inventory 2020
|
| 952 |
|
|
|0 0
|1 0
|2 ddc
|4 0
|6 621_380000000000000_TAU_2009
|7 0
|9 6749
|a BRACUL
|b BRACUL
|c GEN
|d 2010-01-02
|e Trust Line International
|l 2
|m 11
|o 621.38 TAU
|p 3010019681
|r 2023-07-25
|s 2023-07-11
|t 4
|w 2010-01-03
|y BK
|
| 952 |
|
|
|0 0
|1 0
|2 ddc
|4 0
|6 621_380000000000000_TAU_2008
|7 0
|9 10658
|a BRACUL
|b BRACUL
|c GEN
|d 2010-06-03
|e Essence Science Publications
|g 496.00
|l 0
|o 621.38 TAU
|p 3010017395
|r 2010-06-03
|t 2
|w 2010-06-03
|y BK
|x Requisitioned by Mahabobe Shobahani for the course named- "Introduction to Communication Engineering (ECE 310)".
|
| 952 |
|
|
|0 0
|1 0
|2 ddc
|4 0
|6 621_380000000000000_TAU_2008
|7 0
|9 10659
|a BRACUL
|b BRACUL
|c GEN
|d 2010-06-03
|e Essence Science Publications
|g 496.00
|l 2
|m 34
|o 621.38 TAU
|p 3010017394
|r 2017-12-06
|s 2017-03-12
|t 1
|w 2010-06-03
|y BK
|x Requisitioned by Mahabobe Shobahani for the course named- "Introduction to Communication Engineering (ECE 310)".
|